The heart's frontier #1/ Lori Copeland, Virginia ... Read More
Available copies
- 1 of 1 copy available at LARL/NWRL Consortium. (Show)
- 1 of 1 copy available at Lake Agassiz Regional Library.
Current holds
0 current holds with 1 total copy.
Show Only Available Copies
| Location | Call Number / Copy Notes | Barcode | Shelving Location | Status | Due Date |
|---|---|---|---|---|---|
| Moorhead Public Library | C COP (Text) | 33500010680510 | Main | Available | - |
Record details
- ISBN: 9780736947527 (pbk.)
- ISBN: 0736947523 (pbk.)
- Physical Description: 296 p. ; 22 cm.
- Publisher: Eugene, Or. : Harvest House Publishers, c2012.
Content descriptions
| Summary, etc.: | Kansas,1881. On a trip to visit relatives, Emma's ... Read More |
Search for related items by subject
| Subject: | Amish > Kansas > Fiction. Families > Travel > Fiction. Outlaws > Fiction. Cowboys > Fiction. Cattle drives > Fiction. Kansas > Fiction. |
| Genre: | Love stories. Christian fiction. |
Search for related items by series
| LDR | 02221cam a22004574a 4500 | ||
|---|---|---|---|
| 001 | 140719 | ||
| 003 | LARL_NWRL_CONSORTIUM | ||
| 005 | 20120404092256.0 | ||
| 008 | 110805s2012 oru 000 1 eng | ||
| 010 | . | ‡a2011030459 | |
| 020 | . | ‡a9780736947527 (pbk.) | |
| 020 | . | ‡a0736947523 (pbk.) | |
| 035 | . | ‡a(OCoLC)733248682 | |
| 040 | . | ‡aDLC ‡beng ‡cDLC ‡dBTCTA ‡dBKX ‡dBDX ‡dILC | |
| 042 | . | ‡apcc | |
| 043 | . | ‡an-us-ks | |
| 050 | 0 | 0. | ‡aPS3553.O6336 ‡bH44 2012 |
| 082 | 0 | 0. | ‡a813/.54 ‡222 |
| 100 | 1 | . | ‡aCopeland, Lori. ‡0(LARL_NWRL_CONSORTIUM)104035 |
| 245 | 1 | 4. | ‡aThe heart's frontier ‡n#1/ ‡cLori Copeland, Virginia Smith. |
| 260 | . | ‡aEugene, Or. : ‡bHarvest House Publishers, ‡cc2012. | |
| 300 | . | ‡a296 p. ; ‡c22 cm. | |
| 490 | 0 | . | ‡aAmish of Apple Grove ; ‡v1 |
| 520 | . | ‡aKansas,1881. On a trip to visit relatives, Emma's Amish family is robbed of all their possessions, leaving them destitute and stranded on the prairie. Walking into the nearest trading settlement, they pray to the Lord for someone to help. When a man lands in the dust at her feet, Emma looks down at him and thinks, The Lord might have cleaned him up first. Luke Carson, heading up his first cattle drive, is not planning on being the answer to anyone's prayers, but it looks as though God has something else in mind for this kind and gentle man. | |
| 650 | 0. | ‡aAmish ‡zKansas ‡vFiction. | |
| 650 | 0. | ‡aFamilies ‡xTravel ‡vFiction. | |
| 650 | 0. | ‡aOutlaws ‡vFiction. ‡0(LARL_NWRL_CONSORTIUM)166527 | |
| 650 | 0. | ‡aCowboys ‡vFiction. ‡0(LARL_NWRL_CONSORTIUM)164139 | |
| 650 | 0. | ‡aCattle drives ‡vFiction. ‡0(LARL_NWRL_CONSORTIUM)164138 | |
| 651 | 0. | ‡aKansas ‡vFiction. ‡0(LARL_NWRL_CONSORTIUM)165839 | |
| 655 | 7. | ‡aLove stories. ‡2gsafd | |
| 655 | 7. | ‡aChristian fiction. ‡2gsafd | |
| 700 | 1 | . | ‡aSmith, Virginia, ‡d1960- ‡0(LARL_NWRL_CONSORTIUM)195095 |
| 948 | . | ‡hNO HOLDINGS IN LAL - 330 OTHER HOLDINGS | |
| 994 | . | ‡aZ0 ‡bLAL | |
| 901 | . | ‡a140719 ‡bOCLC ‡c140719 ‡tbiblio | |

Add to basket
Permalink
Disable Highlighting